| 000 | 00645nam a2200205Ia 4500 | ||
|---|---|---|---|
| 005 | 20260615134706.0 | ||
| 008 | 131103s9999 xx 000 0 und d | ||
| 040 | _aLoreto College | ||
| 041 | _aEnglish | ||
| 082 |
_a844 _bROU |
||
| 100 | _aGrebanier, Bernard | ||
| 245 |
_aTo rousseau, Emile, the social contract, the confessions, the discourse on the arts and sciences & other writing _cBernard Grebanier |
||
| 260 |
_aNew York _bBarrons Educational _c1964 |
||
| 300 | _a90p. | ||
| 440 | _aBarron's simplified approach | ||
| 504 | _aIncludes bibliographical references | ||
| 650 | _aEnglish essays | ||
| 850 | _aLCLIB | ||
| 942 | _cBK | ||
| 999 |
_c24049 _d74528 |
||